Statistics for Detroit Pistons First Round Draft Picks

Click here to take the quiz!

General Stats

  • This quiz has been taken 30 times
    (4 since last reset)
  • The average score is 12 of 40

Answer Stats

YearPickCollegePlayer% Correct
20032(Serbia)Darko Miličić
100%
20129ConnecticutAndre Drummond
100%
200223KentuckyTayshaun Prince
75%
19812IndianaIsiah Thomas
75%
200014Michigan StateMateen Cleaves
50%
201915(France)Sekou Doumbouya
50%
19943DukeGrant Hill
50%
198518McNeese StateJoe Dumars
50%
20207(France)Killian Hayes
50%
20118KentuckyBrandon Knight
50%
20138GeorgiaKentavious Caldwell-Pope
50%
20158ArizonaStanley Johnson
50%
201712DukeLuke Kennard
50%
20107GeorgetownGreg Monroe
50%
199518WyomingTheo Ratliff
25%
199626GeorgetownJerome Williams
25%
199719KansasScot Pollard
25%
198420Ohio StateTony Campbell
25%
199811Ball StateBonzi Wells
25%
20019CharlotteRodney White
25%
200915GonzagaAustin Daye
25%
200526CincinnatiJason Maxiell
25%
200727UCLAArron Afflalo
25%
200715E. WashingtonRodney Stuckey
25%
200829IndianaD. J. White
25%
201618MarquetteHenry Ellenson
25%
198112Notre DameKelly Tripucka
0%
201930USCKevin Porter Jr.
0%
198218RiceRicky Pierce
0%
19829Wichita StateCliff Levingston
0%
19838Wichita StateAntoine Carr
0%
199026TexasLance Blanks
0%
198611Georgia TechJohn Salley
0%
198927IllinoisKenny Battle
0%
200325(Italy)Carlos Delfino
0%
199219UCLADon MacLean
0%
199311TennesseeAllan Houston
0%
199310Jackson StateLindsey Hunter
0%
199519Wake ForestRandolph Childress
0%
198017MissouriLarry Drew
0%

Score Distribution

Percentile by Number Answered

Percent of People with Each Score

Your Score History

You have not taken this quiz since the last reset